プロセカ/アイマス共通声優 - Statistics

General Stats
  • This quiz has been taken 70 times
    6 since last reset
  • The average score is 9 of 29
Answer Stats
プロセカ アイマス Answer % Correct
初音ミク(Original CV) 初音ミク 藤田咲
83%
花里みのり 瀬野あすみ 小倉唯
83%
望月穂波 高坂海美 上田麗奈
67%
日野森志歩 乙倉悠貴 中島由貴
67%
青柳冬弥 硲道夫 伊東健人
67%
東雲絵名 藤原肇 鈴木みのり
67%
鏡音リン(Original CV)鏡音レン(Original CV) 双海亜美双海真美 下田麻美
50%
天馬咲希 月岡恋鐘 礒部花凜
50%
神代類 都築圭 土岐隼一
50%
朝比奈まふゆ 荒木比奈 田辺留依
50%
草薙寧々ネネロボ 伊吹翼 Machico
50%
ミオ 樋口円香 土屋李央
33%
高坂朔 渋谷凛 福原綾香
33%
内山唯奈幼い冬弥 北上麗花 平山笑美
17%
夏野二葉 黒川あかね 石見舞菜香
17%
日暮アリサ 依田芳乃 高田憂希
17%
暁山優希 神谷奈緒 松井恵理子
17%
獏野歴 御手洗翔太 松岡禎丞
17%
椿木千晴 久川凪 立花日菜
17%
白虎町涼 最上静香 田所あずさ
17%
愛莉の妹 龍崎薫 春瀬なつみ
17%
ひかりん 白草月花 芹澤優
17%
レベッカ 緋田美琴 山根綺
17%
巡音ルカ(Original CV) 尾崎玲子 浅川悠
0%
玄武旭 プロデューサー(アニメ「SideM」) 石川界人
0%
まふゆの母 杜若薫 豊口めぐみ
0%
榎崎あかり 鈴木羽那 三川華月
0%
愛莉の母 石川実 早水リサ
0%
エレナ 青羽美咲 安済知佳
0%
No matching quizzes found
Score Distribution
Percent of People with Each Score
Percentile by Number Answered
Your Score History
You have not taken this quiz since the last reset